Anadolu'da gazetecilik ve Diyarbakır basını (Record no. 8315)

MARC details
000 -BAŞLIK
Sabit Uzunlukta Kontrol Alanı 00635na a2200217 4500
001 - KONTROL NUMARASI
Denetim Alanı 21733
003 - KONTROL NUMARASI IDENTIFIER
Denetim Alanı MIRAKIL
005 - SON İŞLEM TARİHİ VE ZAMANI
Denetim Alanı 20181213155206.0
008 - SABİT-BOY VERİ ELEMANLARI - GENEL BİLGİLER
Sabit Uzunlukta Kontrol Alanı 170207b tu 000 0
040 ## - KATALOGLAMA KAYNAK
Orijinal Kataloglama Ajansı Milas
Kataloglama Dili tur
Metne Dönüştürmek Ajansı TR-AnCHP
041 ## - DİL KODU
Metin / Ses Parça Veya Ayrı Başlığın Dil Kodu tur
082 ## - DEWEY ONLU SINIFLANDIRMA NUMARASI
Sınıflandırma Numarası 070.4
Ürün Numarası M36a 1998
090 ## - SINIFLAMA NUMARASI
Sınıflama Numarası 070.4 M36a 1998
100 ## - ANA GİRİŞ - KİŞİSEL İSİM
Kişisel Ad Mercan, Mehmet
245 ## - BAŞLIK TABLOSU
Başlık Anadolu'da gazetecilik ve Diyarbakır basını
Sorumluluk Tablosu, Vb Mehmet Mercan
260 ## - YAYIN, DAĞITIM, VB
Yayın, Dağıtım, Vb Yeri Diyarbakır
Yayıncı, Dağıtıcı, Vs Adı Güneydoğu Gazeteciler Cemiyeti
Yayın, Dağıtım, Vb Tarihi 1998
300 ## - FİZİKSEL TANIM
Kapsam 232 s.
Diğer Fiziksel Ayrıntıları fotğ.
Boyutlar 21 sm.
650 ## - KONU KATMA GİRİŞ - TOPİKAL DÖNEM
Topikal Süreli Veya Coğrafi Ad Giriş Elemanı Basın tarihi
Coğrafi Alt Bölümü Diyarbakır
650 ## - KONU KATMA GİRİŞ - TOPİKAL DÖNEM
Topikal Süreli Veya Coğrafi Ad Giriş Elemanı Gazetecilik
Genel Alt Bölümü Tarih
Coğrafi Alt Bölümü Güneydoğu Anadolu
942 ## - EKLENDİ GİRİŞ ELEMANLARI (KOHA)
Sınıflandırma Veya Raf Düzeni Kaynak
Koha Öğesi Türü Books
999 ## - SİSTEM KONTROL NUMARALARI (KOHA)
Koha Biblionumber 8315
Koha Biblioitemnumber 8315
Holdings
Kalıcı Konum Mevcut Konum Edinme Tarihi Edinim Kaynak Toplam Check-Out'Lar Tam Çağrı Numarası Barkod Tarih Son Görülme İtibaren Geçerli Fiyatlar Koha Öğesi Türü
CHP Kütüphanesi CHP Kütüphanesi 02/07/2017 Bağış   070.4 M36a 1998 012878 02/07/2017 02/07/2017 Books